De sacramentis: scholarum usui
Uloženo v:
| Hlavní autoři: | , |
|---|---|
| Médium: | Kniha |
| Jazyk: | latina |
| Vydáno: |
Ratisbona
Oeniponte-Lipsiae
1941
|
| Vydání: | 27a. ed |
| Edice: | Summa Theologiae Moralis, 3
|
| Témata: | |
| Tagy: |
Přidat tag
Žádné tagy, Buďte první, kdo vytvoří štítek k tomuto záznamu!
|
MARC
| LEADER | 00000cam a2200000 a 4500 | ||
|---|---|---|---|
| 001 | UCD1612 | ||
| 003 | CL-VaPUC | ||
| 008 | 160316e19410000gw |||||||||||||||||lat|d | ||
| 082 | 0 | 4 | |a 262.933 |b NOL |2 21 |
| 100 | |a Noldin, H. |q (Hieronymus) |e author |9 585034 | ||
| 700 | 0 | |a Schmitt, A |e author |9 584731 | |
| 245 | 1 | 0 | |a De sacramentis: scholarum usui |
| 250 | |a 27a. ed | ||
| 300 | |a v | ||
| 942 | |c BK | ||
| 945 | |d 20160316 17:23:00 |a dcastane | ||
| 260 | |a Ratisbona |b Oeniponte-Lipsiae |c 1941 | ||
| 650 | 7 | |a DERECHO CANONICO |2 CL-VaPUC |9 584732 | |
| 650 | 0 | |a Sacramentos |9 257270 | |
| 650 | 0 | |a Derecho eclesiástico |9 255055 | |
| 583 | |a last modification |c 20160316 17:23:00 |k Rodrigo Vera | ||
| 490 | 0 | |a Summa Theologiae Moralis, 3 | |
| 999 | |c 362883 |d 362881 | ||
| 952 | |0 0 |1 0 |3 erd |4 0 |6 262_933000000000000_NOL_1941 |7 0 |8 P |9 474460 |a BIBTEO |b BIBTES |c TEO_FTES |h v.3 |i 5277264 |o 262.933 NOL 1941 |p 5277264 |r 2024-01-18 |w 2019-11-24 |y BK |z Catalogado en:20160316 |k ICR | ||